| 000 -LEADER |
| fixed length control field |
00513nam a22001937a 4500 |
| 008 - FIXED-LENGTH DATA ELEMENTS--GENERAL INFORMATION |
| fixed length control field |
131111b xxu||||| |||| 00| 0 alb d |
| 020 ## - INTERNATIONAL STANDARD BOOK NUMBER |
| International Standard Book Number |
9994391186 |
| 041 0# - LANGUAGE CODE |
| Language code of text/sound track or separate title |
alb |
| 080 ## - UNIVERSAL DECIMAL CLASSIFICATION NUMBER |
| Universal Decimal Classification number |
336 |
| Common auxiliary subdivision |
(075.8) |
| 100 1# - Rafti |
| Rafti |
Xhafa, Halit |
| 245 ## - TITLE STATEMENT |
| Title |
Drejtimi financiar 1 / |
| 250 ## - |
| -- |
Botimi i 3të |
| 260 ## - |
| -- |
Tiranë : |
| -- |
albPAPER ; |
| -- |
2006. |
| 300 ## - |
| -- |
641 f. : |
| -- |
me il. ; |
| -- |
24 cm. |
| 500 ## - |
| -- |
Parathënie : f. [III] - [VI] |
| 650 ## - |
| -- |
Financa |
| -- |
Tekste universitare |
| 700 1# - |
| -- |
Ciceri, Beshir |
| 942 ## - ADDED ENTRY ELEMENTS (KOHA) |
| Source of classification or shelving scheme |
|
| Item type |
Books |